New Zealand Geography A to Z - Statistics

General Stats
  • This quiz has been taken 48 times
  • The average score is 13 of 26
Answer Stats
Hint Answer % Correct
Flightless bird K Kiwi
91%
A strait and a mountain C Cook
89%
What destroyed Napier in 1931 E Earthquake
89%
Sea between Australia and New Zealand T Tasman
89%
City named after Edinburgh D Dunedin
87%
New Zealand is named after this Dutch province Z Zeeland
87%
Plenty, of Islands, Pegasus B Bay
80%
Extinct species of flightless bird M Moa
80%
Taupō, Taranaki or Mount Ngāuruhoe V Volcano
71%
The Māori name for New Zealand A Aotearoa
69%
Northernmost region N Northland
64%
Southernmost and westernmost city I Invercargill
62%
Town on Lake Wakatipu Q Queenstown
62%
Longest river W Waikato
58%
Why the town of Hokitika was founded G Gold
49%
Plant that has become a national symbol S Silver fern
49%
Invasive Australian pest P Possum
47%
57% of the country's electricity H Hydroelectric power
44%
Large bay southeast of Auckland F Firth of Thames
11%
First town in the southern hemisphere to have electric lighting R Reefton
7%
Beach and bay north of St Heliers in Auckland L Ladies Bay
2%
Southernmost island in the country J Jacquemart
0%
Rock formation at the top of the Old Man Range O Obelisk
0%
River in the Kuhurangi National Park U Ugly
0%
Hill in the centre of Kahurangi National Park X Xenicus Peak
0%
River in the north of Stewart Island Y Yankee
0%
No matching quizzes found
Score Distribution
Percent of People with Each Score
Percentile by Number Answered
Your Score History
You have not taken this quiz